[Event "ESP-ch U10 rapid"]
[Site "Salobrena"]
[Date "2024.07.07"]
[Round "9"]
[White "Ayllon Redondo, Asier"]
[Black "Cid Marcos, Laia"]
[Result "1-0"]
[WhiteElo "1629"]
[BlackElo "1531"]
[PlyCount "91"]
[EventDate "2024.07.06"]
[EventType "swiss (rapid)"]
[EventRounds "9"]
[EventCountry "ESP"]
[SourceTitle "EXT 2025"]
[Source "ChessBase"]
[SourceDate "2024.10.14"]
[SourceVersion "1"]
[SourceVersionDate "2024.10.14"]
[SourceQuality "1"]

1. e4 c5 2. Nf3 e6 3. d3 Nf6 4. Nbd2 Nc6 5. g3 Be7 6. Bg2 0-0 7. 0-0 d5 8. c3 b6 9. Re1 Ba6 10. Qc2 Rc8 11. Nf1 d4 12. c4 b5 13. b3 bxc4 14. bxc4 Rb8 15. Rb1 Qd7 16. Bf4 Rxb1 17. Rxb1 Nb4 18. Qd2 Qa4 19. Rb2 Rd8 20. h3 Nh5 21. e5 Nxf4 22. gxf4 Rb8 23. Ng3 Bd8 24. Ne4 Rc8 25. Nd6 Rb8 26. Ng5 Bxg5 27. fxg5 Qa3 28. Be4 Qc3 29. h4 Qa3 30. Kh2 Qa5 31. Kg1 Qc7 32. a3 Nc6 33. Bxc6 Rb6 34. Bg2 g6 35. Kh2 h6 36. gxh6 f6 37. f4 fxe5 38. fxe5 Qe7 39. Rxb6 axb6 40. Qf4 Qd7 41. Qg5 Kh7 42. Be4 b5 43. Qxg6+ Kh8 44. Nf7+ Qxf7 45. Qxf7 b4 46. Qe8# 1-0

[Event "ESP-ch U10 rapid"]
[Site "Salobrena"]
[Date "2024.07.06"]
[Round "2"]
[White "Valiente Zabalza, Daniel"]
[Black "Ayllon Redondo, Asier"]
[Result "0-1"]
[WhiteElo "1484"]
[BlackElo "1629"]
[PlyCount "82"]
[EventDate "2024.07.06"]
[EventType "swiss (rapid)"]
[EventRounds "9"]
[EventCountry "ESP"]
[SourceTitle "EXT 2025"]
[Source "ChessBase"]
[SourceDate "2024.10.14"]
[SourceVersion "1"]
[SourceVersionDate "2024.10.14"]
[SourceQuality "1"]

1. e4 c5 2. Nf3 Nc6 3. d4 cxd4 4. Nxd4 e5 5. Nxc6 bxc6 6. Nc3 Bb4 7. Bd2 Nf6 8. Bd3 0-0 9. 0-0 Bc5 10. Qe2 Re8 11. Rfe1 d5 12. exd5 cxd5 13. h3 Rb8 14. b3 Bd4 15. Rac1 Bb6 16. Bg5 Bb7 17. Rcd1 h6 18. Bh4 Ba5 19. Bxf6 Qxf6 20. Na4 Bxe1 21. Rxe1 e4 22. Bb5 Rec8 23. Qe3 a6 24. Nb6 axb5 25. Nxc8 Rxc8 26. Qe2 Qc6 27. Kh1 b4 28. Rc1 Ba6 29. Qg4 Qf6 30. Qd7 Qb2 31. Rd1 Qxc2 32. Qxd5 Bd3 33. Qh5 Be2 34. Qf5 Qxd1+ 35. Kh2 Qd6+ 36. g3 Rd8 37. Qxe4 Bb5 38. Qf5 Bc6 39. Qg4 Qd5 40. f3 Qd2+ 41. Kg1 Qe1+ 0-1